| 000 | 00548nam a2200193 i 4500 | ||
|---|---|---|---|
| 001 | 59773 | ||
| 003 | ES-MaACL | ||
| 005 | 20230906164109.0 | ||
| 007 | t| | ||
| 008 | 031030s1962 sp ||||1| spa d | ||
| 100 | 1 |
_aEnrique y Tarancón, Vicente. _947273 |
|
| 245 | 1 | 0 |
_aEspiritualidad cristiana / _cVicente E. Tarancón. |
| 260 |
_aMadrid : _bEuroamérica, _c[1962] |
||
| 300 |
_a271 p. ; _c18 cm. |
||
| 490 | 1 | _aPor un mundo mejor | |
| 830 | 0 |
_aPor un mundo mejor _9182683 |
|
| 852 |
_aES-MaACL _jC-23275 _bR.51996 |
||
| 999 |
_c59773 _d59773 |
||